000 00740pam a2200241 a 4500
001 4491672
005 20241120172753.0
008 971104s1999 njua b 001 0 eng
020 _a0136792421
050 0 0 _aS591
_b.S555 1999
082 0 0 _a631.4
_221
100 1 _aSinger, Michael J.
_q(Michael John),
_d1945-
245 1 0 _aSoils :
_ban introduction /
_cMichael J. Singer, Donald N. Munns.
250 _a4th ed.
260 _aUpper Saddle River, NJ :
_bPrentice Hall,
_c1999.
300 _axvi, 527 p. :
_bill. (some col.) ;
_c26 cm.
650 0 _aSoil science.
650 0 _aSoils.
650 0 _aPlant-soil relationships.
650 0 _aSoil management.
700 1 _aMunns, Donald N.
_q(Donald Neville),
_d1931-
942 _2lcc
_cBK
_n0
999 _c1384
_d1384